[Event "30th World Open"]
[Site "Philadelphia USA"]
[Date "2002.06.30"]
[Round "2"]
[White "Aramil,W"]
[Black "Strugatsky,V"]
[Result "0-1"]
[WhiteElo "2166"]
[BlackElo "2430"]

1.d4 d5 2.c4 e6 3.Nf3 Nf6 4.Nc3 c6 5.e3 Nbd7 6.Qc2 Bd6 7.g4 Bb4 8.Bd2 Qe7
9.g5 Bxc3 10.Bxc3 Ne4 11.Bd3 Nxc3 12.Qxc3 dxc4 13.Bxc4 b6 14.Bd3 Bb7 15.Rg1 O-O
16.Qc2 f5 17.gxf6 Nxf6 18.Ne5 c5 19.dxc5 Rac8 20.c6 Qd6 21.f4 Bxc6 22.Qd2 Rfd8
23.Rc1 Bd5 24.Rxc8 Rxc8 25.Nc4 Qc5 26.b4 Qe7 27.Ne5 Ne4 28.Qb2 Qh4+ 29.Kf1 Rc1+
30.Kg2 Ng5+ 31.e4 Qh3+ 32.Kh1 Nxe4 33.Rxc1 Nf2+  0-1

[Event "23rd Open"]
[Site "Bled SLO"]
[Date "2002.07.04"]
[Round "3"]
[White "Mohr,G"]
[Black "Bruehl,A"]
[Result "1-0"]
[WhiteElo "2523"]
[BlackElo "2305"]

1.Nf3 Nf6 2.c4 c6 3.Nc3 d5 4.e3 e6 5.d4 Nbd7 6.Qc2 Bd6 7.e4 dxe4 8.Nxe4 Nxe4
9.Qxe4 e5 10.dxe5 Nxe5 11.c5 Bc7 12.Nxe5 Qe7 13.f4 f6 14.Bc4 fxe5 15.O-O Be6
16.Bxe6 Qxe6 17.fxe5 O-O-O 18.Bf4 Rd5 19.b4 Bxe5 20.Rae1 Re8 21.Kh1 g6 22.h3 Kd7
23.Qc4 g5 24.Bxg5 Rg8 25.Bf4 Qg6 26.Qe2 Re8 27.Bxe5 Rdxe5 28.Qxe5 Rxe5 29.Rxe5 b6
30.Rd1+ Kc8 31.Re7 bxc5 32.Rf1 Kd8 33.Rxa7 Ke8 34.bxc5 Qc2 35.Rc7 Qxc5 36.Rb1 Kd8
37.Rxh7 Kc8 38.Rf1 Qb4 39.a4 Kd8 40.a5 Ke8 41.a6  1-0

[Event "ch-SWE"]
[Site "Skara SWE"]
[Date "2002.07.04"]
[Round "5"]
[White "Akesson,R"]
[Black "Vernersson,P"]
[Result "1/2-1/2"]
[WhiteElo "2451"]
[BlackElo "2394"]

1.c4 c6 2.d4 d5 3.Nc3 Nf6 4.e3 e6 5.Nf3 Nbd7 6.Bd3 Bd6 7.e4 dxe4 8.Nxe4 Nxe4
9.Bxe4 Qc7 10.O-O Nf6 11.Bc2 c5 12.Re1 Bd7 13.Ne5 cxd4 14.Qxd4 Qc5 15.Qxc5 Bxc5
16.Bg5 h6 17.Bh4 Ke7 18.Nxd7 Kxd7 19.Red1+ Ke7 20.b4 Bd6 21.Bxf6+ gxf6 22.Rab1 Rhd8
23.c5 Be5 24.Be4 Rxd1+ 25.Rxd1 Rb8 26.Rc1 b6 27.c6 Rd8 28.Bf3 Bc7 29.b5 Rd4
30.Rc2 f5 31.g3 e5 32.Be2 f4 33.Kf1 f5 34.Rc3 Ra4 35.gxf4 e4 36.Bc4 Kd8 37.Be6 Bxf4
38.Bxf5 Bxh2 39.Rh3 Bf4 40.Rh4 Bg5 41.Rxe4 Rxe4 42.Bxe4 Bf4 43.Kg2 Ke7 44.Kf3 Bd6
45.Bd3 Kf6 46.Ke4 Bc7 47.f4  1/2-1/2

[Event "30th World Open"]
[Site "Philadelphia USA"]
[Date "2002.07.05"]
[Round "7"]
[White "Kaliksteyn,A"]
[Black "Morovic Fernandez,I"]
[Result "1/2-1/2"]
[WhiteElo "2390"]
[BlackElo "2556"]

1.c4 c6 2.Nc3 d5 3.d4 Nf6 4.e3 e6 5.Nf3 Nbd7 6.Qc2 Bd6 7.Bd3 O-O 8.O-O dxc4
9.Bxc4 a6 10.Rd1 b5 11.Be2 Qc7 12.Ne4 Nxe4 13.Qxe4 e5 14.Qh4 Re8 15.dxe5 Nxe5
16.Bd2 Bb7 17.Ba5 Nxf3+ 18.Bxf3 Bxh2+ 19.Qxh2 Qxa5 20.Rd7 Bc8 21.Rd6 Bb7
22.Rd7 Bc8 23.Rd6 Bb7  1/2-1/2

[Event "30th World Open"]
[Site "Philadelphia USA"]
[Date "2002.07.05"]
[Round "7"]
[White "Strugatsky,V"]
[Black "Stripunsky,A"]
[Result "0-1"]
[WhiteElo "2430"]
[BlackElo "2554"]

1.d4 d5 2.c4 c6 3.Nc3 Nf6 4.e3 e6 5.Nf3 Nbd7 6.Bd3 dxc4 7.Bxc4 b5 8.Bd3 Bb7
9.e4 b4 10.Na4 c5 11.e5 Nd5 12.O-O cxd4 13.Re1 Be7 14.Nxd4 O-O 15.Qg4 Re8
16.Bh6 Bf8 17.Bb5 a6 18.Bxd7 Qxd7 19.Nc5 f5 20.Nxd7 fxg4 21.Nxf8 Kxf8 22.Bd2 Kf7
23.a3 bxa3 24.bxa3 Rac8 25.Rab1 Ba8 26.Rec1 h6 27.Nb3 Rxc1+ 28.Rxc1 Rb8 29.Na5 Rb2
30.Nc4 Ra2 31.Kf1 Kg6 32.Ke1 Ne7 33.Ne3 Nf5 34.Nxg4 Bxg2 35.Ne3 Nxe3 36.Bxe3 Rxa3
37.Rc7 Ra2 38.Ra7 Bf3 39.Re7 Bg4 40.h4 h5 41.Kf1 Bf3 42.Kg1 Bd5 43.Ra7 Ra4
44.Bg5 a5 45.Bd2 Rxh4 46.f4 Rh1+ 47.Kf2 Rh2+ 48.Ke3 h4 49.Rxa5 Rxd2 50.Kxd2 h3
51.Ra3 h2 52.Rg3+ Kf7  0-1

[Event "XX Open"]
[Site "Andorra la Vella AND"]
[Date "2002.07.06"]
[Round "1"]
[White "Dumitrache,D"]
[Black "Amigo Villalta,J"]
[Result "1-0"]
[WhiteElo "2504"]
[BlackElo "2118"]

1.d4 d5 2.c4 e6 3.Nf3 Nf6 4.Nc3 c6 5.e3 Nbd7 6.Qc2 Bd6 7.Be2 O-O 8.O-O dxc4
9.Bxc4 b5 10.Be2 Bb7 11.Bd2 a6 12.a4 Qb6 13.Rfc1 Rac8 14.Ng5 b4 15.Nce4 c5
16.a5 Qc7 17.Nxd6 Qxd6 18.Qb3 Bd5 19.dxc5 Qe5 20.f4 Bxb3 21.fxe5 Nxe5 22.Bxa6 Ra8
23.Bb7 Ra7 24.a6 Nd3 25.c6 Nxc1 26.Rxc1 Nd5 27.c7 Nxc7 28.Rxc7 Bd5 29.Bxb4 Rb8
30.Bc5  1-0

[Event "Open Championships"]
[Site "Paris FRA"]
[Date "2002.07.07"]
[Round "2"]
[White "Canovas,E"]
[Black "Fressinet,L"]
[Result "0-1"]
[WhiteElo "2016"]
[BlackElo "2619"]

1.d4 d5 2.c4 e6 3.Nc3 c6 4.e3 Nf6 5.Nf3 Nbd7 6.Bd3 dxc4 7.Bxc4 b5 8.Bd3 Bb7
9.e4 b4 10.Na4 c5 11.Qe2 cxd4 12.Nxd4 a6 13.Be3 Bd6 14.Rc1 Ne5 15.Bb1 Nxe4
16.O-O Nf6 17.Rfd1 Nd5 18.Nc5 Bxc5 19.Rxc5 Qd6 20.Nb3 Nd7 21.Rc4 Qe5 22.Na5 Nxe3
23.Qxe3 Qxa5 24.Qd4 Nf6 25.Rc5 Qd8  0-1

[Event "ch-NOR"]
[Site "Roros NOR"]
[Date "2002.07.07"]
[Round "2"]
[White "Tallaksen,G"]
[Black "Hole,O"]
[Result "1-0"]
[WhiteElo "2265"]
[BlackElo "2272"]

1.d4 d5 2.c4 c6 3.Nc3 Nf6 4.e3 e6 5.Nf3 Nbd7 6.Bd3 dxc4 7.Bxc4 b5 8.Bd3 Bb7
9.e4 b4 10.Na4 c5 11.e5 Nd5 12.O-O cxd4 13.Nxd4 g6 14.Qg4 Bg7 15.Bg5 Nxe5
16.Nxe6 Nxg4 17.Nxd8 f6 18.Nxb7 fxg5 19.Bb5+ Kf8 20.Rad1 Nc7 21.Be2 Ne5 22.f4 gxf4
23.Rxf4+ Ke7 24.Rxb4 Rab8 25.Nac5 Ne6 26.Ra4 Rhc8 27.b4 Rxb7 28.Nxb7 Rc2
29.Nc5 Nf4 30.Rxa7+ Kf6 31.Ne4+ Kf5 32.Ng3+ Kf6 33.Rd6+ Ne6 34.Raa6 Rc1+
35.Bf1 Kf7 36.Rxe6 Ng4 37.Re4 h5 38.h3 Nf6 39.Ra7+ Kg8 40.Rc4 Rd1 41.Rc8+  1-0

[Event "ch-SWE"]
[Site "Skara SWE"]
[Date "2002.07.07"]
[Round "7"]
[White "Akesson,R"]
[Black "Eriksson,Joh"]
[Result "0-1"]
[WhiteElo "2451"]
[BlackElo "2426"]

1.Nf3 Nf6 2.c4 c6 3.d4 d5 4.Nc3 e6 5.e3 Nbd7 6.Qc2 b6 7.cxd5 exd5 8.Bd3 Be7
9.O-O O-O 10.Bd2 h6 11.Ne2 Bb7 12.Ng3 Re8 13.b4 Rc8 14.Bc3 Bd6 15.Nf5 Bb8
16.Nd2 c5 17.bxc5 bxc5 18.Qb2 Qc7 19.g3 c4 20.Be2 Nb6 21.Qc2 Qd7 22.a4 Bc6
23.a5 Na4 24.Bb4 c3 25.Nb3 g6 26.Nh4 Ne4 27.Rfe1 Bb5 28.Nc1 Nb2 29.Bxc3 Bxe2
30.Nxe2 Nc4 31.Qa4 Qh3 32.Nf4 Bxf4 33.exf4 Kg7 34.Bb4 g5 35.Ng2 Nf6 36.f3 g4
37.Rxe8 Rxe8 38.Qc2 gxf3 39.Nh4 Re2  0-1

[Event "XX Open"]
[Site "Andorra la Vella AND"]
[Date "2002.07.09"]
[Round "4"]
[White "Comas Fabrego,L"]
[Black "Collas,D"]
[Result "1/2-1/2"]
[WhiteElo "2503"]
[BlackElo "2405"]

1.d4 d5 2.c4 e6 3.Nc3 c6 4.e3 Nf6 5.Nf3 Nbd7 6.Bd3 dxc4 7.Bxc4 b5 8.Bd3 a6
9.e4 c5 10.e5 cxd4 11.Nxb5 Nxe5 12.Nxe5 axb5 13.O-O Qd5 14.Qe2 b4 15.Bg5 Bd6
16.f4 Bb7 17.Rae1 Bxe5 18.fxe5 Nd7 19.Qf2 f5 20.exf6 Qxg5 21.Rxe6+ Kd8 22.h4 Qxg2+
23.Qxg2 Bxg2  1/2-1/2

[Event "FSIMC July"]
[Site "Budapest HUN"]
[Date "2002.07.09"]
[Round "4"]
[White "Partenheimer,A"]
[Black "Pham Minh Hoang1"]
[Result "0-1"]
[WhiteElo "2208"]
[BlackElo "2357"]

1.c4 Nf6 2.Nc3 e6 3.Nf3 d5 4.d4 c6 5.e3 Bd6 6.Qc2 O-O 7.b3 Nbd7 8.Be2 b6
9.O-O Bb7 10.Bb2 Rc8 11.e4 Be7 12.e5 Ne8 13.Rad1 Qc7 14.Bd3 g6 15.Qe2 Ba6
16.h4 Ng7 17.g3 f6 18.Rfe1 fxe5 19.Nxe5 Nxe5 20.Qxe5 Qxe5 21.dxe5 Bc5 22.Re2 Rf3
23.Kg2 Rcf8 24.Rdd2 Bb4 25.Re3 d4 26.Rxf3 dxc3 27.Rxf8+ Kxf8 28.Bxc3 Bxc3
29.Re2 c5 30.Be4 Bxe5 31.Bxg6 Bxg3 32.Bxh7 Bxh4 33.Be4 Ke7 34.Rd2 Nh5 35.Bc6 Bc8
36.Kf3 Nf6 37.Kf4 Nh7 38.Kg4 Bf6 39.Re2 Bd4 40.Kg3 Kd6 41.Ba8 Nf6 42.f4 Bd7
43.Kh4 Be8 44.Kg5 Nh5 45.Bb7 Bf6+ 46.Kg4 Ng7 47.Rd2+ Ke7 48.Be4 Bh5+ 49.Kg3 Bd4
50.Rh2 Kf6 51.Bc2 Bc3 52.Kf2 Be8 53.Rh6+ Ke7 54.Rh7 Kd6 55.Be4 a6 56.Rh6 Nh5
57.f5 Nf6 58.Rh4 Ke5 59.Bb7 exf5 60.Bxa6 Bc6  0-1

[Event "ch-SCO"]
[Site "Stirling SCO"]
[Date "2002.07.09"]
[Round "4"]
[White "Beaton,K"]
[Black "Stevenson,J"]
[Result "0-1"]
[WhiteElo "2103"]
[BlackElo "2130"]

1.d4 d5 2.Nf3 Nf6 3.c4 c6 4.Nc3 e6 5.e3 Nbd7 6.Bd3 dxc4 7.Bxc4 b5 8.Bd3 a6
9.e4 c5 10.d5 c4 11.Bc2 Qc7 12.O-O Bb7 13.dxe6 fxe6 14.Ng5 Nc5 15.f4 Qc6
16.Qe2 Nd3 17.e5 Bc5+ 18.Kh1 Nd5 19.Nce4 N5b4 20.a4 Nxc2 21.Qxc2 Be7 22.axb5 axb5
23.Rxa8+ Bxa8 24.Nd6+ Bxd6 25.exd6 Qxd6 26.Qe2 O-O 27.Nxe6 Rf5 28.Bd2 b4
29.Ra1 Bd5 30.Ng5 h6 31.Nf3 Nxf4 32.Bxf4 Qxf4 33.Rf1 Bxf3 34.gxf3 Re5 35.Qd1 Qe3
36.Qc2 Qe2 37.Qc1 Rh5  0-1

[Event "XX Open"]
[Site "Andorra la Vella AND"]
[Date "2002.07.10"]
[Round "5"]
[White "Conquest,S"]
[Black "Argandona Rivero,I"]
[Result "1-0"]
[WhiteElo "2542"]
[BlackElo "2286"]

1.d4 d5 2.c4 c6 3.Nc3 Nf6 4.Nf3 e6 5.e3 Nbd7 6.Qc2 Be7 7.Be2 dxc4 8.a4 b6
9.Bxc4 Bb7 10.e4 Rc8 11.O-O c5 12.d5 exd5 13.exd5 O-O 14.Re1 Ne8 15.Bf4 Ndf6
16.Rad1 Nd6 17.Ba2 Re8 18.Bb1 g6 19.h3 Bf8 20.Rxe8 Nfxe8 21.Qc1 a6 22.Ne5 Rc7
23.Qe3 f6 24.Nc6 Qd7 25.Qf3 Kg7 26.h4 Rxc6 27.dxc6 Qxc6 28.Qg3 Nf7 29.Be4 Qc8
30.Bxb7 Qxb7 31.Nd5 Qd7 32.b3 b5 33.axb5 axb5 34.Qf3 Qb7 35.Nxf6 Qc8 36.Qh3 Ned6
37.Qxc8 Nxc8 38.Ne8+ Kg8 39.Nf6+ Kg7 40.Ne8+ Kg8 41.Bc7 Be7 42.Bg3 c4 43.bxc4 bxc4
44.Nc7 Bf6 45.Nd5 Bg7 46.Kf1 Kf8 47.Rb1 Ke8 48.Rb7 Bh8 49.Ke2 Ba1 50.Bf4 Ncd6
51.Bxd6 Nxd6 52.Rxh7 Nf7 53.f4 Bd4 54.g4 Kf8 55.h5 gxh5 56.Rxh5 Nd6 57.Rh6 Ne4
58.Rc6 Nc5 59.g5 Ke8 60.Rc7 Kd8 61.g6 Ne6 62.Rxc4 Ba1 63.Ra4 Bb2 64.Ra7  1-0

[Event "XX Open"]
[Site "Andorra la Vella AND"]
[Date "2002.07.11"]
[Round "6"]
[White "Comas Fabrego,L"]
[Black "Iglesias,Jo"]
[Result "1/2-1/2"]
[WhiteElo "2503"]
[BlackElo "2366"]

1.d4 d5 2.c4 c6 3.Nf3 Nf6 4.Nc3 e6 5.e3 Nbd7 6.Bd3 dxc4 7.Bxc4 b5 8.Bd3 a6
9.e4 c5 10.e5 cxd4 11.Nxb5 Ng4 12.Nbxd4 Ngxe5 13.Be4 Bb4+ 14.Bd2 Bxd2+ 15.Qxd2 Rb8
16.O-O Bb7 17.Nxe5 Nxe5 18.Rfe1 Ng6 19.b3  1/2-1/2

[Event "2nd China-USA Summit"]
[Site "Shanghai CHN"]
[Date "2002.07.11"]
[Round "1"]
[White "Bu Xiangzhi"]
[Black "Kaidanov,G"]
[Result "1/2-1/2"]
[WhiteElo "2602"]
[BlackElo "2638"]

1.d4 d5 2.c4 e6 3.Nc3 c6 4.e3 Nf6 5.Nf3 Nbd7 6.Qc2 Bd6 7.Bd3 O-O 8.O-O dxc4
9.Bxc4 a6 10.Rd1 c5 11.dxc5 Bxc5 12.Bf1 b5 13.Ng5 Bb7 14.Nce4 Nxe4 15.Nxe4 Be7
16.Nd6 Bd5 17.e4 Bxd6 18.exd5 Rc8 19.Qe2 exd5 20.Rxd5 Nf6 21.Rd3 Qb6 22.Be3 Bc5
23.Bxc5 Rxc5 24.Rad1 Qc7 25.a3 h6 26.Qf3 Re8 27.g3 Rc2 28.R3d2 Rxd2 29.Rxd2 Qc1
30.Qd1 Qxd1 31.Rxd1 Kf8 32.Rd6 Ra8 33.Bh3 Ne4 34.Rc6 Rd8 35.Rc8 Rxc8 36.Bxc8 a5
37.Bd7 b4 38.axb4 axb4 39.Kf1 Ke7 40.Bc6 Nf6 41.Ke2 Kd6 42.Ba4 Ng4 43.h3 Ne5
44.f4 Nc4 45.b3 Nb6 46.Be8 f6 47.Bg6 Kc5 48.Kd3 Nc8 49.Bf7 Nd6 50.Be6 Nb5
51.Ke4 Nd6+ 52.Ke3 Nb5 53.Bf7 Nd6 54.Be6 Nb5 55.Bc4 Nd6 56.Bd3 Kd5 57.Bg6 Kc5
58.h4 Kd5 59.g4 Kc5 60.Kd3 Kd5 61.Bh7 g5 62.Bg8+ Kc5 63.fxg5 fxg5 64.hxg5 hxg5
65.Be6 Nb5 66.Ke4 Nd4 67.Bf7 Nb5 68.Bg8 Nd4 69.Bc4 Nc2 70.Be2 Nd4 71.Bd1 Ne6
72.Ke5 Nf4 73.Kf5 Nh3 74.Be2 Kd4 75.Bf1 Nf2 76.Kxg5 Ne4+ 77.Kf4 Nd2 78.Bh3 Nxb3
79.g5 Nc5 80.g6 b3 81.g7 b2 82.Bf5 b1=Q 83.Bxb1 Ne6+  1/2-1/2

[Event "XX Open"]
[Site "Andorra la Vella AND"]
[Date "2002.07.12"]
[Round "7"]
[White "Vera,R"]
[Black "Dumitrache,D"]
[Result "1-0"]
[WhiteElo "2533"]
[BlackElo "2504"]

1.d4 d5 2.c4 e6 3.Nc3 c6 4.e3 Nf6 5.Nf3 Nbd7 6.Bd3 Bd6 7.O-O O-O 8.e4 dxe4
9.Nxe4 Nxe4 10.Bxe4 h6 11.Bc2 e5 12.Re1 exd4 13.Qxd4 Bc5 14.Qc3 a5 15.a3 Qb6
16.Be3 a4 17.Rad1 Qa5 18.Qd3 Nf6 19.Bd2 Qd8 20.Qf1 Qb6 21.Bc3 Ng4 22.Rd2 Rd8
23.Rxd8+ Qxd8 24.Qd3 Qxd3 25.Re8+ Bf8 26.Bxd3 b6 27.Bf5  1-0

[Event "3rd Stage Russian Cup"]
[Site "Tomsk RUS"]
[Date "2002.07.12"]
[Round "5"]
[White "Usoltsev,D"]
[Black "Afanasiev,N"]
[Result "1-0"]
[WhiteElo "2288"]
[BlackElo "2184"]

1.d4 Nf6 2.c4 e6 3.Nc3 d5 4.Nf3 c6 5.e3 Bd6 6.Qc2 Nbd7 7.g4 Nxg4 8.Rg1 h5
9.h3 Qf6 10.hxg4 Qxf3 11.Be2 Qf6 12.gxh5 dxc4 13.Ne4 Bb4+ 14.Bd2 Bxd2+ 15.Kxd2 Qh6
16.Qxc4 O-O 17.Rg2 Kh8 18.Rag1 Rg8 19.Ng5 Qf6 20.Qc2 Nf8 21.Rg3 Qe7 22.Qc5 Qd7
23.h6 Ng6 24.Nxf7+ Qxf7 25.Rxg6 Re8  1-0

[Event "ch-SWE"]
[Site "Skara SWE"]
[Date "2002.07.13"]
[Round "12"]
[White "Akesson,R"]
[Black "Hector,J"]
[Result "0-1"]
[WhiteElo "2451"]
[BlackElo "2513"]

1.d4 d5 2.c4 c6 3.Nc3 Nf6 4.e3 e6 5.Nf3 Nbd7 6.Qc2 Bd6 7.g4 h6 8.Bd2 Qe7
9.Rg1 e5 10.cxd5 Nxd5 11.Ne4 Bb4 12.O-O-O exd4 13.Nxd4 Bxd2+ 14.Rxd2 Nb4
15.Nf5 Nxc2 16.Ned6+ Kf8 17.Nxe7 Kxe7 18.Nf5+ Kf8 19.Kxc2 g6 20.Nd6 Ke7 21.f4 Nf6
22.e4 Rd8 23.e5 Nd5 24.Rd4 f6 25.Bd3 g5 26.Bf5 Bxf5+ 27.gxf5 Nxf4 28.Rxf4 fxe5
29.Re4 Rxd6 30.Rxe5+ Kf6 31.Rge1 Rad8 32.R1e2 Rd2+ 33.Kc3 Rxe2 34.Rxe2 h5  0-1

[Event "EuJun"]
[Site "Baku AZE"]
[Date "2002.07.14"]
[Round "1"]
[White "Esen,B"]
[Black "Tahirov,F"]
[Result "1-0"]
[WhiteElo "2189"]
[BlackElo "2363"]

1.d4 Nf6 2.Nf3 e6 3.c4 c6 4.Nc3 d5 5.e3 Nbd7 6.Qc2 Bd6 7.Be2 O-O 8.O-O Qe7
9.b3 dxc4 10.bxc4 e5 11.Rd1 Re8 12.Rb1 e4 13.Nd2 Nf8 14.c5 Bc7 15.Nc4 Ng4
16.h3 Bh2+ 17.Kh1 Nxf2+ 18.Kxh2 Qh4 19.Bf1 Re6 20.Rd2 Rf6 21.Kg1 Nh1 22.Bb2 Ng3
23.Rf2 Rg6 24.Ne5 Rg5 25.Rf4 Qh5 26.Qd1 Qxd1 27.Rxd1 f6 28.Bc4+ Be6 29.Rg4 Nf5
30.Rxg5 Nxe3 31.Bxe6+ Nxe6 32.Re1 Nc2 33.Rc1 Ncxd4 34.Rg4 fxe5 35.Rxe4 Nxc5
36.Re3 Nd7 37.Ne4 b6 38.Nd6 c5 39.Nc4 Re8 40.a4 Re7 41.Bxd4 cxd4 42.Re2 d3
43.Re3 e4 44.Nd2 Nc5 45.a5 Re5 46.axb6 axb6 47.Kf2 b5 48.Rb1 Na4 49.Rb3 Rd5
50.Re1 Rf5+ 51.Ke3 Nb6 52.Nxe4 Rd5 53.Rxd3 Nc4+ 54.Ke2 Re5 55.Kf2  1-0

[Event "FSGM July"]
[Site "Budapest HUN"]
[Date "2002.07.15"]
[Round "10"]
[White "Pedersen,NV"]
[Black "Lukacs,P"]
[Result "1/2-1/2"]
[WhiteElo "2458"]
[BlackElo "2444"]

1.d4 d5 2.c4 c6 3.Nc3 Nf6 4.e3 e6 5.Nf3 Nbd7 6.Bd3 dxc4 7.Bxc4 b5 8.Bd3 a6
9.e4 c5 10.e5 cxd4 11.Nxb5 axb5 12.exf6 Qb6 13.O-O gxf6 14.Qe2 Ba6 15.Rd1 Bc5
16.Bf4 Rd8 17.b4 Bxb4 18.Rab1 Bc5 19.Bxb5 Bxb5 20.Rxb5 Qa7 21.Qe4 Qa6 22.Rb7 f5
23.Qb1 Bb6 24.Rxb6 Qxb6 25.Qxb6 Nxb6 26.Bc7 Nd5 27.Bxd8 Kxd8 28.Nxd4 f4 29.Ne2  1/2-1/2

[Event "Dutch Open"]
[Site "Dieren NED"]
[Date "2002.07.15"]
[Round "6"]
[White "Savchenko,S"]
[Black "Span,P"]
[Result "1-0"]
[WhiteElo "2537"]
[BlackElo "2294"]

1.d4 d5 2.c4 c6 3.Nf3 Nf6 4.Nc3 e6 5.e3 Nbd7 6.Qc2 Bd6 7.g4 Bb4 8.Bd3 h6
9.Bd2 Qe7 10.Rg1 e5 11.cxd5 Bxc3 12.Qxc3 e4 13.dxc6 bxc6 14.Qxc6 Rb8 15.Nh4 Bb7
16.Qa4 Qd6 17.Nf5 Qxh2 18.Qa3 Qxg1+ 19.Bf1 Nd5 20.Nxg7+ Kd8 21.Ba5+ N5b6
22.Nf5 Re8 23.Bb4 Bd5 24.Rc1 Bc4 25.Be7+ Rxe7 26.Qxe7+ Kc7 27.Qd6+ Kd8 28.Qe7+ Kc7
29.Ng3 Kb7 30.Rxc4 Nxc4 31.Qxd7+ Kb6 32.Nxe4 Nxe3 33.Qd6+ Ka5 34.Qc5+ Ka4
35.Nc3+  1-0

[Event "CAN&QC Open"]
[Site "Montreal CAN"]
[Date "2002.07.15"]
[Round "4"]
[White "Phillips,R"]
[Black "Feoktistov,D"]
[Result "1-0"]
[WhiteElo "2204"]
[BlackElo "2019"]

1.d4 d5 2.c4 e6 3.Nc3 Nf6 4.Nf3 c6 5.e3 Be7 6.Qc2 Nbd7 7.Bd2 O-O 8.O-O-O dxc4
9.Bxc4 b5 10.Bd3 Re8 11.Kb1 Bb7 12.Ne4 Nxe4 13.Bxe4 Nf8 14.Ne5 Rc8 15.Rc1 Qb6
16.Nd3 Ba8 17.Qb3 Rc7 18.Bb4 Bxb4 19.Qxb4 Nd7 20.Bf3 Rec8 21.Nc5 Nxc5 22.dxc5 Qb8
23.Rhd1 Re8 24.Rd6 Rcc8 25.Rcd1 h6 26.h4 Red8 27.e4 Rxd6 28.Rxd6 Rd8 29.e5 Rxd6
30.cxd6 Qd8 31.Qc3 Qxh4 32.d7  1-0

[Event "FSGM July"]
[Site "Budapest HUN"]
[Date "2002.07.16"]
[Round "11"]
[White "Seres,L"]
[Black "Sedlak,N"]
[Result "1-0"]
[WhiteElo "2462"]
[BlackElo "2468"]

1.Nf3 d5 2.d4 Nf6 3.c4 c6 4.Nc3 e6 5.e3 Nbd7 6.Bd3 dxc4 7.Bxc4 b5 8.Bd3 Bd6
9.O-O O-O 10.e4 e5 11.a3 a6 12.Bg5 h6 13.Bh4 exd4 14.Nxd4 Qc7 15.Kh1 Re8
16.Nf5 Be5 17.Rc1 Nc5 18.Nxb5 axb5 19.Rxc5 Bxf5 20.exf5 Rad8 21.Qc2 Qd6 22.Be2 Bxb2
23.Rxc6 Qe5 24.Bxf6 gxf6 25.Bh5 Bxa3 26.Qb3 Qd5 27.Qg3+ Kh7 28.Rxf6 Rg8 29.Bg6+ fxg6
30.fxg6+ Kh8 31.Qxa3 Qd1 32.Kg1 Qg4 33.Qc3 b4 34.Rf7+  1-0

[Event "24th Politiken Cup"]
[Site "Copenhagen DEN"]
[Date "2002.07.16"]
[Round "2"]
[White "Palo,D"]
[Black "Mikkelsen,N"]
[Result "1-0"]
[WhiteElo "2394"]
[BlackElo "2120"]

1.Nf3 d5 2.d4 c6 3.c4 e6 4.e3 Nf6 5.Nc3 Nbd7 6.Bd3 Be7 7.O-O O-O 8.e4 dxe4
9.Nxe4 Re8 10.Bf4 c5 11.Nd6 Bxd6 12.Bxd6 cxd4 13.Nxd4 a6 14.Re1 e5 15.Nf5 b6
16.Qf3 Ra7 17.Rad1 g6 18.Bc2 Bb7 19.Qh3 Qa8 20.Qh6 gxf5 21.Bxf5 Be4 22.Rxe4 Qxe4
23.Bxe4 Nxe4 24.Qh4 Nxd6 25.Rxd6 Nf8 26.Qg5+ Ng6 27.h4  1-0

[Event "TCh-POL Jun"]
[Site "Laczna POL"]
[Date "2002.07.16"]
[Round "3"]
[White "Worek,J"]
[Black "Tekielak,I"]
[Result "1-0"]
[WhiteElo "2251"]
[BlackElo "2083"]

1.d4 d5 2.c4 c6 3.Nc3 Nf6 4.e3 e6 5.Nf3 Nbd7 6.Bd3 Bd6 7.e4 dxe4 8.Nxe4 Nxe4
9.Bxe4 h6 10.O-O O-O 11.b3 Nf6 12.Bc2 b6 13.Bb2 Bb7 14.Qd3 Re8 15.Rfe1 Qe7
16.Rad1 Rad8 17.Bb1 Bc7 18.Qc2 Bb8 19.Ne5 c5 20.Ng4 Kf8 21.Nxf6 Qxf6 22.d5 Qg5
23.Qh7 g6 24.Qg7+ Ke7 25.Rxe6+ Kd7 26.Qxf7+ Re7 27.Rxe7+ Qxe7 28.Qxe7+ Kxe7
29.Bxg6  1-0

[Event "Open Aegean Ch"]
[Site "Ikaros GRE"]
[Date "2002.07.17"]
[Round "5"]
[White "Litsas,I"]
[Black "Pavlovic,SD"]
[Result "0-1"]
[WhiteElo "2153"]
[BlackElo "2354"]

1.d4 d5 2.c4 c6 3.Nf3 Nf6 4.Nc3 e6 5.e3 Nbd7 6.b3 Bb4 7.Bd2 O-O 8.Bd3 Qe7
9.O-O e5 10.dxe5 Nxe5 11.Nxe5 Qxe5 12.f4 Qe7 13.Kh1 Ng4 14.cxd5 Nxe3 15.Bxe3 Qxe3
16.Ne4 cxd5 17.Nf6+ gxf6 18.Rf3 Qe6 19.Bxh7+ Kxh7 20.Rh3+ Kg7 21.Qh5 Qxh3
22.gxh3 Rd8 23.Rg1+ Kf8 24.a3 Bd2 25.f5 d4 26.Qe2  0-1

[Event "24th Politiken Cup"]
[Site "Copenhagen DEN"]
[Date "2002.07.18"]
[Round "4"]
[White "Henrichsen,J"]
[Black "Skovgaard,P"]
[Result "1-0"]
[WhiteElo "2067"]
[BlackElo "2130"]

1.d4 d5 2.c4 c6 3.Nf3 Nf6 4.Nc3 e6 5.e3 Nbd7 6.Bd3 dxc4 7.Bxc4 b5 8.Bd3 Bb7
9.e4 a6 10.Qe2 c5 11.e5 Nd5 12.Ne4 c4 13.Bb1 Bb4+ 14.Bd2 Be7 15.O-O O-O 16.Neg5 h6
17.Qe4 N5f6 18.Qxb7 Nd5 19.Ne4 Bb4 20.Bxb4 Nxb4 21.Nc5 f5 22.Qxd7  1-0

[Event "Lasker Mem Open"]
[Site "Barlinek POL"]
[Date "2002.07.19"]
[Round "1"]
[White "Zschaebitz,K"]
[Black "Sprenger,J"]
[Result "0-1"]
[WhiteElo "2183"]
[BlackElo "2426"]

1.d4 d5 2.Nf3 Nf6 3.c4 e6 4.Nc3 c6 5.e3 Nbd7 6.Be2 dxc4 7.Bxc4 b5 8.Bd3 a6
9.e4 c5 10.O-O cxd4 11.Nxd4 Bb7 12.a3 Nc5 13.Bc2 Ncxe4 14.Nxe4 Nxe4 15.Re1 Nf6
16.Bb3 Be7 17.Bf4 O-O 18.Be5 Bd5 19.Rc1 Rc8 20.Rxc8 Qxc8 21.Bxd5 Nxd5 22.Qd2 Qd7
23.Nc2 f6 24.Bg3 Rc8 25.Ne3 Nb6 26.Qa5 Qb7 27.h3 Kf7 28.b3 Bc5 29.Nc2 Nd5
30.Qd2 Bb6 31.Qd3 Rc3 32.Qe4 Rxg3 33.Qxe6+ Kg6 34.Qe4+ f5 35.Qe8+ Kg5 36.Re4 Rxg2+
37.Kh1 fxe4 38.Qe5+ Kh6 39.Kxg2 Qf7  0-1

[Event "Capital of Siberia Open"]
[Site "Novosibirsk RUS"]
[Date "2002.07.19"]
[Round "1"]
[White "Galuzin,G"]
[Black "Yudin,S"]
[Result "0-1"]
[WhiteElo "2108"]
[BlackElo "2328"]

1.Nf3 d5 2.d4 e6 3.c4 Nf6 4.Nc3 c6 5.e3 Nbd7 6.a3 Bd6 7.cxd5 exd5 8.Bd3 O-O
9.O-O a5 10.h3 Re8 11.Qc2 Qe7 12.Nd2 Nf8 13.e4 dxe4 14.Ndxe4 Nxe4 15.Bxe4 Qh4
16.Bf5 Qxd4 17.Bxc8 Raxc8 18.Be3 Qe5 19.g3 Qh5 20.Kg2 Re6 21.Rad1 Rce8 22.Rd4 Bxg3
23.Kxg3 Rxe3+ 24.fxe3 Rxe3+ 25.Kf2 Qxh3 26.Ne2 Rf3+ 27.Ke1 Rxf1+ 28.Kd2 Qh6+
29.Kc3 Rf3+ 30.Rd3 Qf6+ 31.Kd2 Rxd3+ 32.Kxd3 h5  0-1

[Event "Capital of Siberia Open"]
[Site "Novosibirsk RUS"]
[Date "2002.07.19"]
[Round "1"]
[White "Solodovnikov,M"]
[Black "Popov,Eu"]
[Result "1-0"]
[WhiteElo "2266"]
[BlackElo "2061"]

1.d4 d5 2.c4 c6 3.Nc3 Nf6 4.e3 e6 5.Nf3 Nbd7 6.Bd3 dxc4 7.Bxc4 b5 8.Bd3 Bb7
9.O-O a6 10.e4 c5 11.d5 c4 12.dxe6 fxe6 13.Bc2 Qb6 14.e5 Nd5 15.Ng5 g6 16.Qg4 Nxe5
17.Qxe6+ Qxe6 18.Nxe6 Kf7 19.Nxd5 Bxd5 20.Nc7 Bc6 21.Nxa8 Bxa8 22.Bd2 Ng4
23.h3 Nf6 24.Rfe1 Bc5 25.Bc3 Rd8 26.Rad1 Rxd1 27.Rxd1 Ne4 28.Bxe4 Bxe4 29.Rd7+ Ke6
30.Rd2 b4 31.Bd4 Bxd4 32.Rxd4 Bd5 33.f4  1-0

[Event "EuJun"]
[Site "Baku AZE"]
[Date "2002.07.20"]
[Round "7"]
[White "Gaprindashvili,V"]
[Black "Mastrovasilis,D"]
[Result "1-0"]
[WhiteElo "2471"]
[BlackElo "2462"]

1.d4 d5 2.c4 c6 3.e3 Nf6 4.Nc3 e6 5.Nf3 Nbd7 6.Bd3 dxc4 7.Bxc4 b5 8.Bd3 a6
9.a4 b4 10.Ne4 c5 11.dxc5 Nxc5 12.Nxc5 Bxc5 13.Qe2 Bb7 14.e4 Be7 15.O-O Nd7
16.Rd1 Qa5 17.Nd2 Nc5 18.Bc2 Rd8 19.Re1 Qc7 20.Nb3 Nxb3 21.Bxb3 O-O 22.Be3 Qe5
23.f3 Bf6 24.Rab1 Rc8 25.Bc4 a5 26.b3 Be7 27.Rbd1 Rfd8 28.Rxd8+ Rxd8 29.Rd1 Rxd1+
30.Qxd1 Qc7 31.Qd4 Bd6 32.h3 h5 33.Kf1 h4 34.Qb6 Kh7 35.Qxc7 Bxc7 36.Bg5 Bb6
37.Bxh4 Kg8 38.Be7 Bc8 39.Bd6 f6 40.Ke2 Kf7 41.Kd3 Bb7 42.f4  1-0

[Event "24th Politiken Cup"]
[Site "Copenhagen DEN"]
[Date "2002.07.20"]
[Round "6"]
[White "Hvenekilde,J"]
[Black "Rorvik,J"]
[Result "1/2-1/2"]
[WhiteElo "2296"]
[BlackElo "2168"]

1.d4 d5 2.c4 e6 3.Nc3 c6 4.Nf3 Nf6 5.e3 Nbd7 6.a3 Bd6 7.Bd3 O-O 8.O-O dxc4
9.Bxc4 e5 10.Re1 e4 11.Nd2 Nb6 12.Be2 Qe7 13.f3 Bf5 14.fxe4 Nxe4 15.Ndxe4 Bxe4
16.Nxe4 Qxe4 17.Bf3 Qe7 18.e4 Rad8 19.Qe2 c5  1/2-1/2

[Event "24th Politiken Cup"]
[Site "Copenhagen DEN"]
[Date "2002.07.20"]
[Round "6"]
[White "Holm,S"]
[Black "Nielsen,PH"]
[Result "0-1"]
[WhiteElo "2321"]
[BlackElo "2626"]

1.d4 d5 2.c4 e6 3.Nc3 c6 4.e3 Nf6 5.Nf3 Nbd7 6.Bd3 dxc4 7.Bxc4 b5 8.Bd3 Bb7
9.e4 b4 10.Na4 c5 11.e5 Nd5 12.dxc5 Nxc5 13.Nxc5 Bxc5 14.O-O h6 15.Qa4+ Ke7
16.Ba6 Qb6 17.Bxb7 Qxb7 18.Qc2 Rac8 19.Qe4 Rhd8 20.Bd2 Ke8 21.Rfc1 Be7 22.h3 Qa6
23.Rxc8 Rxc8 24.a4 b3 25.Rc1 Rxc1+ 26.Bxc1 Bb4 27.Nd2 Qxa4 28.Qc4 Nb6 29.Qc7 Qd7
30.Qxd7+ Kxd7 31.Nxb3 Nc4 32.f4 Kc6 33.Kf2 Kd5 34.Kf3 a5 35.g4 a4 36.Na1 Bd2
37.Bxd2 Nxd2+ 38.Kg3 Ke4 39.h4 Nf1+  0-1

[Event "Macedonian Open"]
[Site "Struga MKD"]
[Date "2002.07.20"]
[Round "1"]
[White "Dinev,D"]
[Black "Ivanov,Iv"]
[Result "1-0"]
[WhiteElo "2281"]
[BlackElo "2093"]

1.d4 d5 2.c4 e6 3.Nc3 c6 4.e3 Nf6 5.Nf3 Nbd7 6.Bd3 Be7 7.O-O O-O 8.Ne5 Qc7
9.f4 dxc4 10.Bxc4 c5 11.Bb3 Rd8 12.Qf3 Nb6 13.Bd2 Bd7 14.f5 Rac8 15.Nxf7 Kxf7
16.fxe6+ Kf8 17.Qh5 Be8 18.Qxh7 Bf7 19.Qh8+ Bg8 20.Ne4 Nd5 21.Ng5 c4 22.Nh7+ Ke8
23.Ba4+  1-0